| 000 | 00492nam a22001457a 4500 | ||
|---|---|---|---|
| 008 | 170510b xxu||||| |||| 00| 0 eng d | ||
| 020 | _a9966992545 | ||
| 050 | _aQA76.5 .I55 2005 | ||
| 100 | _aInjendi, Gerald. | ||
| 245 |
_aComputer programming : _btheory and practice / |
||
| 260 |
_aEldoret : _bZapf Chancery Research Consultants and Publishers, _c2005 |
||
| 300 |
_axi, 394p. : _bill. ; _c21 cm. |
||
| 650 | _aProgrammig. | ||
| 942 |
_2lcc _cSH_L_BOOKS _hQA76.5 .I55 2005 _02 |
||
| 999 |
_c28920 _d28920 |
||